000 00590nam a2200205Ia 4500
005 20250923144746.0
008 008 250917s9999 xx 000 0 eng d
037 _aTextual
040 _aDSWL
_beng
_cDSWL
041 _aeng
_2eng
084 _aX: :2.C, K0
_qDSWL
100 _aBose, Atindranath
_9828115
245 0 _aSocial and Rural economy of N. India
_cby Atindranath Bose
260 _aCalcutta
_bFirmaK.L. Mukhopadhyay
_c1961
300 _axvi,318p.
365 _aINR
_b10
925 _g10
942 _cTEXL
_hX: :2.C, K0
999 _c1442991
_d1442991